| 000 | 01172cam a2200289 a 4500 | ||
|---|---|---|---|
| 001 | 75635 | ||
| 003 | BD-RjUL | ||
| 005 | 20211209082724.0 | ||
| 008 | 190506s1991 caua 001 0 eng | ||
| 020 | _a8773367591 | ||
| 020 | _a8773367605 | ||
| 035 | _a(BD-RjUL)75853 | ||
| 040 |
_aDLC _cDLC _dDLC _beng |
||
| 041 | _aeng | ||
| 082 | 0 | 0 |
_a658 _223 _bHUM 1991 |
| 100 | 1 |
_aHubbard, L. Ron _q(La Fayette Ron), _d1911-1986. _9231539 |
|
| 245 | 1 | 4 |
_aThe management series / _cby L. Ron Hubbard. |
| 260 |
_aLos Angeles, Calif. : _bBridge Publications ; _aCopenhagen, Denmark : _bNew Era Publications International ApS, _cc1991. |
||
| 300 |
_a3 v. : _bill. ; _c31 cm. |
||
| 500 | _aIncludes indexes. | ||
| 505 | 0 | _aV. 1. The data series ; The organizing series ; The personnel series -- V. 2. The establishment officer series ; The executive series ; The finance series ; The target series ; The computer series --V. 3. The public relations series ; The marketing series ; The admin know-how series. | |
| 650 | 0 |
_aManagement. _9231540 |
|
| 906 |
_a7 _bcbc _corignew _d2 _encip _f19 _gy-gencatlg |
||
| 942 |
_2ddc _cBK |
||
| 999 |
_c75635 _d75635 |
||